<?xml version="1.0" encoding="UTF-8"?>
<marc:record xmlns:marc="http://www.loc.gov/MARC21/slim">
   <marc:leader>00000nam a2200000 a 4500</marc:leader>
   <marc:datafield ind1="1" ind2=" " tag="100">
      <marc:subfield code="a">Juniper, Tony</marc:subfield>
      <marc:subfield code="4">aut</marc:subfield>
      <marc:subfield code="e">Verfasser/-in</marc:subfield>
   </marc:datafield>
   <marc:datafield ind1="0" ind2="0" tag="245">
      <marc:subfield code="a">Unser Erde unter Druck</marc:subfield>
   </marc:datafield>
   <marc:datafield ind1="0" ind2="0" tag="245">
      <marc:subfield code="b">Bevölkerungswachstum. Ressourcenknappheit. Klimawandel</marc:subfield>
   </marc:datafield>
   <marc:datafield ind1=" " ind2="1" tag="264">
      <marc:subfield code="b">Dorling Kindersley</marc:subfield>
      <marc:subfield code="c">2017</marc:subfield>
   </marc:datafield>
   <marc:datafield ind1="1" ind2=" " tag="520">
      <marc:subfield code="a">Bevölkerungswachstum, schwindende Ressourcen und Klimawandel gehören nur zu einigen von unzähligen Aspekten, die unseren Planeten gefährden. Doch wie ernst ist die Lage wirklich? Dieses Buch nimmt all die komplexen Phänomene, die unsere Erde gefährden, genau unter die Lupe.
Was passiert wirklich mit unserem Planeten? Der international renommierte Aktivist, Nachhaltigkeitsexperte und Umweltschützer Dr. Tony Juniper geht dieser Frage sorgfältig auf den Grund und erklärt leicht verständlich, welchen Einfluss Bevölkerungsexplosion und Konsumverhalten auf den Klimawandel und die Umwelt haben. Über 1000 Grafiken machen dabei auch die Hintergründe deutlich und helfen dabei, deren tiefgreifende Konsequenzen zu durchschauen.
Wie können wir den Schaden, den wir verursacht haben, wieder umkehren? Innovative Lösungsvorschläge und Denkansätze des Autors zeigen interessante Wege zu mehr Nachhaltigkeit und eröffnen eine neue hoffnungsvolle Perspektive auf den kritischen Zustand der Erde. Schärfen Sie mit diesem Buch Ihr grünes Bewusstsein und tragen Sie zu einer sicheren Zukunft unserer Welt bei.</marc:subfield>
   </marc:datafield>
   <marc:datafield ind1=" " ind2=" " tag="020">
      <marc:subfield code="a">9783831032853</marc:subfield>
      <marc:subfield code="9">9783831032853</marc:subfield>
   </marc:datafield>
</marc:record>
